000 00339nam a2200169Ia 4500
100 _aRamamurti/V
250 _a2
942 _cBK
366 _f20
654 _amachines
245 _aMechanics of Machines
260 _bNarosa Publication House
_c2005
082 _a620.1
_bRAM
300 _a338
546 _aENGLISH
999 _c19534
_d19534